Στάσεις και αντιλήψεις του τοπικού πληθυσμού για την διαχείριση της προστατευόμενης περιοχής του όρους Όχη (Ν. Εύβοιας) : [πτυχιακή εργασία]
Αποθηκεύτηκε σε:
| Κύριος συγγραφέας: | |
|---|---|
| Συγγραφή απο Οργανισμό/Αρχή: | |
| Μορφή: | Thesis Βιβλίο |
| Γλώσσα: | Greek |
| Δημοσίευση: |
2013
|
| Θέματα: | |
| Διαθέσιμο Online: | http://hdl.handle.net/11610/10263 |
| Ετικέτες: |
Προσθήκη ετικέτας
Δεν υπάρχουν, Καταχωρήστε ετικέτα πρώτοι!
|
MARC
| LEADER | 00000cam a2200000 i 4500 | ||
|---|---|---|---|
| 001 | 1/54438 | ||
| 008 | 140901s2013 gre d | ||
| 035 | |l 10118841 | ||
| 040 | |a GR-MY-UA |b gre |e aacr | ||
| 041 | 0 | |a gre | |
| 082 | 0 | |a 333.72 |2 (22) | |
| 100 | 1 | |a Παγκάκης, Γεώργιος. | |
| 245 | 1 | 0 | |a Στάσεις και αντιλήψεις του τοπικού πληθυσμού για την διαχείριση της προστατευόμενης περιοχής του όρους Όχη (Ν. Εύβοιας) : |b [πτυχιακή εργασία] / |c Γεώργιος Παγκάκης ; επιβλέπων καθηγητής: Παναγιώτης Δημητρακόπουλος |
| 260 | |c 2013 | ||
| 300 | |a 84 σ.; |b πίν.; |c 30 εκ. | ||
| 502 | |a Πτυχιακή εργασία – Πανεπιστήμιο Αιγαίου, Λέσβος, 2013. | ||
| 504 | |a Βιβλιογραφία: σ. 70-74, παράρτημα | ||
| 650 | 0 | 0 | |a Environmental protection |x Citizen participation. |
| 650 | 0 | 0 | |a Environmental protection |x Public opinion. |
| 650 | 0 | |a Protected areas |z Greece |z Euboea Island. | |
| 650 | 0 | |a Protected areas |x Management |z Greece |z Euboea Island. | |
| 650 | 0 | 0 | |a Dissertations, Academic |z Greece. |
| 700 | 1 | |a Δημητρακόπουλος, Παναγιώτης Γ. |e dgs | |
| 710 | 2 | |a Πανεπιστήμιο Αιγαίου. |b Σχολή Περιβάλλοντος. |b Τμήμα Περιβάλλοντος. | |
| 852 | |a INST |b LESVOS |c DIATR |e 20140901 |h 1513 |p 005100055442 |q 005100055442 |t DIE |y 23 | ||
| 852 | |a INST |b LESVOS |c DIATR |e 20140901 |h 1514 |p 005100055443 |q 005100055443 |t DIE |y 23 | ||
| 856 | |u http://hdl.handle.net/11610/10263 | ||
| 901 | |a BIBL1-2014-3 | ||
| 909 | |a Λ |b 190434 | ||
| 909 | |a Λ |b 190435 | ||
| 924 | |a ΠΑΓΚΑΚΗΣ |b ΓΕΩΡΓΙΟΣ |y ΛΕΣΒΟΣ |z 2013-01 | ||
| 970 | |a ΤΖΑΦΕΡΗ |b ΕΥΑΓΓΕΛΙΑ |z 2014/09/01 | ||